| 000 | 01658nam a22002657a 4500 | ||
|---|---|---|---|
| 003 | OSt | ||
| 005 | 20210316115200.0 | ||
| 008 | 210316t1994 mx ||||fr|||| 001 0 spa d | ||
| 020 | _a9684325525 | ||
| 040 |
_aCO-JMCR _cCO-JMCR |
||
| 041 | 0 | _aspa | |
| 082 | 0 | 4 |
_a340.1 / _bV759i _223 |
| 100 | 1 |
_aVilloro Toranzo, Miguel, _eautor _936153 |
|
| 245 | 1 | 0 |
_aIntroducción al estudio del derecho : _cMiguel Villoro Toranzo |
| 250 | _aDecimoprimera edición | ||
| 260 |
_aMéxico : _bEditorial Porrua, _c©1994 |
||
| 300 |
_axxiv, 506 páginas ; _c23 cm. |
||
| 500 | _aIncluye notas a pie de página e índices de nombres y alfabético de materias. | ||
| 504 | _aIncluye bibliografía al final de cada capítulo. | ||
| 505 | 0 | _aEl problema de la noción del Derecho -- Las nociones morales del Derecho -- Las nociones racionalistas del Derecho -- Las nociones empíricas del Derecho -- Las nociones voluntaristas del Derecho -- Las definiciones del Derecho -- Los cuatro aspectos de la Ciencia del Derecho -- El nacimiento del Derecho -- Las fuentes formales del Derecho -- El conocimiento de los datos jurídicos -- La valoración jurídica -- La construcción de los esquemas jurídicos -- La aplicación de los esquemas jurídicos -- Diversas actitudes ante la Ciencia del Derecho -- Los conceptos jurídicos fundamentales -- El Derecho como sistema de normas -- La norma jurídica -- Hechos y actos jurídicos -- El concepto jurídico de persona -- La libertad jurídica -- La norma jurídica y sus caracteres | |
| 650 | 1 | 4 |
_aDerecho _xEnseñanza _936154 |
| 650 | 2 | 4 |
_aDerecho _xFuentes _936155 |
| 650 | 2 | 4 |
_aTeoría del derecho _97948 |
| 942 |
_2ddc _cBK |
||
| 999 |
_c15393 _d15393 |
||